Finanční stabilita ČR v podmínkách současného ekonomického systému

Finančná stabilita v podmienkach súčasného ekonomického systému so zameraním na detailnejšiu analýzu Českej republiky prostredníctvom indikátorov finančnej stability, a to v kontexte globálneho vývoja zasiahnutého finančnou krízou.

Enregistré dans:
Détails bibliographiques
Auteur principal: Otýpková, Michaela
Format: Chapitre de livre
Langue:tchèque
Sujets:
Tags: Ajouter un tag
Pas de tags, Soyez le premier à ajouter un tag!

MARC

LEADER 00000naa a2200000 4500
001 0165459
005 20231128131444.3
041 0 |a cze 
044 |a CZ 
245 1 0 |a Finanční stabilita ČR v podmínkách současného ekonomického systému  |c Michaela Otýpková 
520 |a Finančná stabilita v podmienkach súčasného ekonomického systému so zameraním na detailnejšiu analýzu Českej republiky prostredníctvom indikátorov finančnej stability, a to v kontexte globálneho vývoja zasiahnutého finančnou krízou. 
610 2 0 |a kríza finančná 
610 2 0 |a Česko 
610 2 0 |a cykly hospodárske 
610 2 0 |a stabilita finančná 
100 1 |a Otýpková, Michaela